000
00261nam a22000977a 4500
999
_c
11703
_d
11703
008
200110b ||||| |||| 00| 0 eng d
020
_a
9780439895033
100
_a
Osborne Pope Mary
_9
7376
245
_a
Carnival at Candlelight
260
_a
New York
_b
Scholastic
_c
2006